Coupe du Monde 1934: Un Joueur, une équipe - Statistiques

Statistiques générales
  • Ce quiz a été pris 32 fois
  • Le résultat moyen est 15 sur 16
Statistiques - réponses
Réponse % Correct
Allemagne
100%
Belgique
100%
France
100%
Italie
100%
Suède
100%
Brésil
97%
Hongrie
97%
Pays-Bas
97%
Egypte
93%
Argentine
90%
Autriche
90%
Etats-Unis
90%
Espagne
86%
Roumanie
83%
Suisse
79%
Tchécoslovaquie
76%
Aucun quiz correspondant
Distribution des résultats
% des personnes avec chaque résultat
Percentile par nombre de réponses
Votre historique - résultats
Vous n’avez pas pris ce quiz